Inventory for women's organizations in Bangladesh / (Record no. 22605)

MARC details
000 -LEADER
fixed length control field 00919nam a2200265 a 4500
001 - CONTROL NUMBER
control field 1489757
003 - CONTROL NUMBER IDENTIFIER
control field BDDh-ASL
005 - DATE AND TIME OF LATEST TRANSACTION
control field 20231015030139.0
008 - FIXED-LENGTH DATA ELEMENTS--GENERAL INFORMATION
fixed length control field 870508s1981 bg r i000 0 eng
010 ## - LIBRARY OF CONGRESS CONTROL NUMBER
LC control number 87901004
025 ## - OVERSEAS ACQUISITION NUMBER
Overseas acquisition number B E 4654
040 ## - CATALOGING SOURCE
Original cataloging agency DLC
Transcribing agency DLC
Modifying agency DLC
-- BDDh-ASL
043 ## - GEOGRAPHIC AREA CODE
Geographic area code a-bg---
050 00 - LIBRARY OF CONGRESS CALL NUMBER
Classification number HQ2000.6
Item number .I59 1981
082 ## - DEWEY DECIMAL CLASSIFICATION NUMBER
Classification number 367.5492
Item number INV
245 00 - TITLE STATEMENT
Title Inventory for women's organizations in Bangladesh /
Statement of responsibility, etc. study team, Meherunnessa Islam ... [et al. ; edited by Salma Khan ... et al.].
260 ## - PUBLICATION, DISTRIBUTION, ETC.
Place of publication, distribution, etc. [Dacca] :
Name of publisher, distributor, etc. Women's Development Unit, UNICEF, Bangladesh,
Date of publication, distribution, etc. 1981.
300 ## - PHYSICAL DESCRIPTION
Extent 96 p. ;
Dimensions 24 cm.
650 #0 - SUBJECT ADDED ENTRY--TOPICAL TERM
Topical term or geographic name entry element Women
Geographic subdivision Bangladesh
General subdivision Societies and clubs.
650 #0 - SUBJECT ADDED ENTRY--TOPICAL TERM
Topical term or geographic name entry element Women
Geographic subdivision Bangladesh
General subdivision Societies and clubs
-- Directories.
700 1# - ADDED ENTRY--PERSONAL NAME
Personal name Khan, Salma.
710 2# - ADDED ENTRY--CORPORATE NAME
Corporate name or jurisdiction name as entry element UNICEF Bangladesh.
Subordinate unit Women's Development Unit.
906 ## - LOCAL DATA ELEMENT F, LDF (RLIN)
a 7
b cbc
c orignew
d 3
e ncip
f 19
g y-gencatlg
942 ## - ADDED ENTRY ELEMENTS (KOHA)
Source of classification or shelving scheme Dewey Decimal Classification
Koha item type Books
Holdings
Withdrawn status Lost status Source of classification or shelving scheme Damaged status Not for loan Collection code Home library Current library Shelving location Date acquired Source of acquisition Total Checkouts Full call number Barcode Date last seen Copy number Price effective from Koha item type
    Dewey Decimal Classification     Non-fiction Asiatic Society Library Asiatic Society Library General Stacks 03/01/2021 ASB Collection   367.5492 INV 106887 03/01/2021 C-1 03/01/2021 Books

Powered by Koha